Weiter zum Inhalt

Термический анализ в изучении полимеров учебное пособие

Рассмотрены методы термического анализа, даны основные понятия термодинамики, используемые в калориметрии и наблюдаемые в полимерах физических и химических переходов. Приведены: описание дифференциального сканирующего калориметра DSC823 e шведской фирмы METTLER TOLEDO, методика выполнения и обработк...

Ausführliche Beschreibung

Gespeichert in:
Bibliographische Detailangaben
1. Verfasser: Шипина О. Т.
Weitere Verfasser: Мингазова В. К., Петров В. А., Косточко А. В.
Format: Книга
Sprache:Russian
Veröffentlicht: Казань КНИТУ 2014
Online Zugang:http://e.lanbook.com/books/element.php?pl1_id=73439
https://e.lanbook.com/img/cover/book/73439.jpg
Tags: Tag hinzufügen
Keine Tags, Fügen Sie den ersten Tag hinzu!
LEADER 02192nam0a2200301 i 4500
001 73439
003 RuSpLAN
005 20221220173948.0
008 221220s2014 ru gs 000 0 rus
020 |a 978-5-7882-1538-9 
040 |a RuSpLAN 
041 0 |a rus 
044 |a ru 
080 |a 678.1:543.226(075) 
084 |a 24.7:24я7  |2 rubbk 
245 0 0 |a Термический анализ в изучении полимеров  |b учебное пособие  |c Шипина О. Т.,Мингазова В. К.,Петров В. А.,Косточко А. В. 
260 |a Казань  |b КНИТУ  |c 2014 
300 |a 99 с. 
504 |a Библиогр.: доступна в карточке книги, на сайте ЭБС Лань 
520 8 |a Рассмотрены методы термического анализа, даны основные понятия термодинамики, используемые в калориметрии и наблюдаемые в полимерах физических и химических переходов. Приведены: описание дифференциального сканирующего калориметра DSC823 e шведской фирмы METTLER TOLEDO, методика выполнения и обработка результатов экспериментов на примерах различных полимерных материалов и высокоэнергетических веществ. Предназначено для студентов, обучающихся по специальностям 240501, 240702, а также для научных работников и преподавателей, работающих в области химической технологии. 
521 8 |a Книга из коллекции КНИТУ - Химия 
100 1 |a Шипина О. Т. 
700 1 |a Мингазова В. К. 
700 1 |a Петров В. А. 
700 1 |a Косточко А. В. 
856 4 |u http://e.lanbook.com/books/element.php?pl1_id=73439 
856 4 8 |u https://e.lanbook.com/img/cover/book/73439.jpg 
953 |a https://e.lanbook.com/img/cover/book/73439.jpg